000 00458nam a2200193Ia 4500
001 14249
003 GE_BSU
008 181216s||||||||xx |||||||||||||| ||und||
040 _cGE_BSU
080 _a821.111-311.6
100 _aPriestley,J.B.
245 _aBlack-Out in Gretley. A Story of and for Wartime
260 _aLondon
260 _bwilliam Heineman LTD
260 _c1942
300 _a215p.19cm.
653 _aBlack-Out in Gretley
942 _cBK
999 _c47387
_d47387